Football Teams Jesús Vallejo Played For - Statistics

General Stats
  • This quiz has been taken 16 times
    10 since last reset
  • The average score is 6 of 8
Answer Stats
League Years Team % Correct
Spain 2017-2019 Real Madrid
100%
Spain 2021-2023 Real Madrid
100%
Spain 2024- Real Madrid
100%
Spain 2020-2021 Granada CF
78%
Spain 2023-2024 Granada CF
78%
Germany 2016-2017 Eintracht Frankfurt
44%
Spain 2014-2016 Real Zaragoza
33%
England 2019-2020 Wolverhampton Wanderers
33%
No matching quizzes found
Score Distribution
Percent of People with Each Score
Percentile by Number Answered
Your Score History
You have not taken this quiz since the last reset